000 01183nam a2200241Ia 4500
003 Ost
005 20260416102352.0
008 260416s9999||||xx |||||||||||||| ||und||
040 _cfsecg
041 _aara
082 _a658
100 _aهدير، عبد القادر
_eمؤلف
245 0 _a مدخل لإدارة الأعمال /
_c عبد القادر هدير
260 _aالجزائر
_bجامعة الجزائر3: كلية العلوم الإقتصادية، العلوم التجارية وعلوم التسيير
_c2017
300 _a92 ورقة
_bايضاحات
_c30 سم
504 _aمراجع ص.91
520 _aتطور مفهوم الفكر الإداري، الوظائف الإدارية، الادارة المحيط والتسيير، إدارة التغيير في منظمات الأعمال، إعادة هندسة العمليات، الإبداع الإداري
653 _aادارة الاعمال
653 _aالادارة
653 _aالتخطيط
710 _aجامعة الجزائر3: كلية العلوم الإقتصادية، العلوم التجارية وعلوم التسيير
_eناشر علمي
942 _cHANDOUT
999 _c41043
_d41043